FC Bayern Rückennummerhistorie #9 - Statistiken

Allgemein
  • Dieses Quiz wurde 77 mal gespielt
  • Das Durchschnittsergebnis liegt bei 8 aus 34
Antwortstatistiken
Hint Antwort % Korrekt
seit 2023/24 Harry Kane
99%
2014-2022 Robert Lewandowski
99%
1970-79; 1968/69; 1966/67 Gerd Müller
80%
1997-2004 Giovane Elber
75%
2012-2014 Mario Mandzukic
75%
2007-2010 Luca Toni
63%
1983-85 Michael Rummenigge
54%
1979-87 Dieter Hoeneß
41%
1995/96 Jürgen Klinsmann
30%
2011/12 Nils Petersen
24%
1992/93 Mehmet Scholl
17%
1994/95 Alexander Zickler
15%
1987-92; 1985/86 Roland Wohlfarth
15%
1994-96 Jean-Pierre Papin
10%
1993/94 Adolfo Valencia
7%
1991-94 Bruno Labbadia
7%
1993-95 Marcel Witeczek
7%
2004/05 Vahid Hashemian
7%
1987/88 Jürgen Wegmann
6%
1993/94 Michael Sternkopf
6%
1994/95 Emil Kostadinov
4%
1989/90 Manfred Bender
4%
1989-91 Radmilo Mihajlovic
4%
1994/95 Alain Sutter
3%
1986/87 Hans Dorfner
3%
1991/92 Markus Münch
3%
1991/92 Olaf Thon
3%
1962/63 Rainer Ohlhauser
3%
1985-87; 1983/84 Reinhold Mathy
3%
1962/63 Alfred Brecht
1%
1962/63 Dieter Brenninger
1%
1987/88 Mark Hughes
1%
1978/78 Norbert Janzon
1%
1962/63 Peter Kupferschmidt
1%
Keine übereinstimmenden Quizze gefunden
Verteilung der Resultate
Anzahl Personen mit jedem Resultat
Perzentil nach korrekt beantworteten Fragen
Ihre Resultats-Entwicklung
Sie haben dieses Quiz noch nicht gespielt